Catálogo

Firms of endearment : (Registro nro. 63707)

Detalles MARC
000 -LEADER
fixed length control field 00947nam a2200277 u 4500
001 - CONTROL NUMBER
control field 63707
005 - DATE AND TIME OF LATEST TRANSACTION
control field 20180714070243.0
008 - FIXED-LENGTH DATA ELEMENTS--GENERAL INFORMATION
fixed length control field 151109s2014 xxu r 000 0 spa d
020 ## - INTERNATIONAL STANDARD BOOK NUMBER
International Standard Book Number 9780133382594
041 ## - LANGUAGE CODE
Language code of text/sound track or separate title eng
082 0# - DEWEY DECIMAL CLASSIFICATION NUMBER
Classification number 658.408
Item number SIS
100 1# - MAIN ENTRY--PERSONAL NAME
Personal name Sisodia, Rajendra
Relator term autor
245 10 - TITLE STATEMENT
Title Firms of endearment :
Remainder of title how world-class companies profit from passion and purpose /
Statement of responsibility, etc. Raj Sisodia; Jag Sheth; David Wolfe.
250 ## - EDITION STATEMENT
Edition statement Second edition
264 #1 - PRODUCTION, PUBLICATION, DISTRIBUTION, MANUFACTURE, AND COPYRIGHT NOTICE
Place of production, publication, distribution, manufacture United States of America :
Name of producer, publisher, distributor, manufacturer Pearsob education,
Date of production, publication, distribution, manufacture, or copyright notice 2014
300 ## - PHYSICAL DESCRIPTION
Extent xxxiii, 281 páginas ;
Dimensions 24 cm.
336 ## - CONTENT TYPE
Content type term texto
Source rdacontent
337 ## - MEDIA TYPE
Media type term sin mediación
Source rdamedia
338 ## - CARRIER TYPE
Carrier type term volumen
Source rdacarrier
650 #0 - SUBJECT ADDED ENTRY--TOPICAL TERM
Topical term or geographic name entry element Planeación estrategica
650 #0 - SUBJECT ADDED ENTRY--TOPICAL TERM
Topical term or geographic name entry element Planeación de negocios
650 #0 - SUBJECT ADDED ENTRY--TOPICAL TERM
Topical term or geographic name entry element Ética en los negocios
650 #0 - SUBJECT ADDED ENTRY--TOPICAL TERM
Topical term or geographic name entry element Responsabilidad social de negocios
700 1# - ADDED ENTRY--PERSONAL NAME
Personal name Sheth, Jagdish N.
Relator term autor
700 1# - ADDED ENTRY--PERSONAL NAME
Personal name Wolfe, David
Dates associated with a name 1970-
Relator term autor
Existencias
Withdrawn status Lost status Source of classification or shelving scheme Damaged status Not for loan Collection code Home library Current library Shelving location Date acquired Source of acquisition Total Checkouts Full call number Barcode Checked out Date last seen Date last checked out Price effective from Koha item type
    Dewey Decimal Classification     Magisterial Biblioteca Karol Wojtyla Biblioteca Karol Wojtyla Módulo de circulación 09/11/2015 Compra 2 658.408 SIS 2014 94770 11/03/2026 11/03/2025 11/03/2025 14/06/2017 Magisterial